000 00560nam a22002057a 4500
003 OSt
005 20140310182949.0
008 130206t xxu||||| |||| 00| 0 eng d
020 _a9712327264
050 _aKPM 810
_b.D377 2001
100 _aDe Leon, Hector S.
245 _aThe law on obligations and contracts /
_cHector S. De Leon.
260 _bPhilippines :
_cRex Book Store,
_a1999.
300 _a414 p. :
_c22 cm.
521 _aBSBA
650 _aLaws and contracts
650 _aPhilippines
_xContracts
942 _2lcc
_cBK
_kLOC
999 _c17868
_d17868